|
|
|
|
| LEADER |
00000cam a2200000 a 4500 |
| 001 |
vtls001112540 |
| 003 |
SK-MaSNL |
| 005 |
20260301153558.0 |
| 008 |
250313s1978 xo a f n 000 0 slo |
| 015 |
|
|
|a SNBA1978
|
| 035 |
|
|
|a SNK000055383
|
| 035 |
|
|
|a urn:nbn:sk:snk-amju2o
|
| 035 |
|
|
|a urn:nbn:sk:snk-am007y37
|
| 035 |
|
|
|a 2DC2002F-33AD-4AE7-A82D-44702F2C129B
|
| 040 |
|
|
|a SNK
|b slo
|c SNK
|e AACR2
|
| 041 |
0 |
|
|a slo
|
| 044 |
|
|
|a xo
|c SK
|
| 080 |
|
|
|a 791.43.073:778.534.4(024)
|2 1981
|
| 080 |
|
|
|a 778.534.4(024)
|2 1981
|
| 080 |
|
|
|a 778.534.4
|2 1981
|
| 080 |
|
|
|a 791.43.073(024)
|2 1981
|
| 100 |
1 |
|
|a Poljak, František
|4 aut
|9 308567
|
| 245 |
1 |
0 |
|a Zvuk v amatérskom filme
|c František Poljak
|
| 260 |
|
|
|a Bratislava
|b Osvetový ústav
|c 1978
|
| 300 |
|
|
|a 36 s.
|b sch., tab.
|c 29 cm
|
| 366 |
|
|
|e 450 výt.
|
| 504 |
|
|
|a Bibliogr. odkazy. Nepredajné
|
| 650 |
0 |
7 |
|a amatérsky film
|2 SNKPH
|9 74939
|
| 650 |
0 |
7 |
|a zvukový film
|2 SNKPH
|9 51994
|
| 650 |
0 |
7 |
|a film a hudba
|2 SNKPH
|9 515304
|
| 650 |
0 |
7 |
|a synchronizácia
|2 SNKPH
|9 49764
|
| 655 |
|
7 |
|a príručky
|2 SNKPH
|9 74364
|
| 852 |
|
|
|a Slovenská národná knižnica
|
| 958 |
|
|
|a OND
|
| 958 |
|
|
|a BQ
|
| 958 |
|
|
|a RM
|
| 958 |
|
|
|a NB
|
| 999 |
|
|
|c 793549
|d 795479
|
| 952 |
|
|
|a SNK
|b SNK
|y NEVYP
|7 1
|o snkSB 26750 D1
|i snkKSP 4232/78
|0 0
|1 0
|4 0
|d 2022-10-20
|l 0
|r 2026-02-24 01:45:18
|w 2026-02-24
|
| 952 |
|
|
|a SNK
|b SNK
|y PREZ
|7 0
|p 17A0968653
|o snkSB 26750
|i snkKSP 4231/78
|0 0
|1 0
|4 0
|d 2014-07-09
|f 1
|l 0
|r 2026-02-24 01:45:18
|w 2026-02-24
|